000 01194nam a2200301 a 4500
001 000005047
003 DO-SdBNP
005 20250715095709.0
007 ta
008 090729s1955 dr r 000 0 spa d
040 _aDO-SdBNP
_bspa
_cBNPHU
082 4 _a343.7293032
_bR426L, 1955
_222
110 1 _aRepública Dominicana
_9447
240 1 0 _a[Leyes, etc.]
245 1 0 _aLegislación monetaria y bancaria de la República Dominicana.
260 _aCiudad Trujillo, República Dominicana :
_bBanco Central de la República Dominicana,
_c1955.
300 _a288 p. ;
_c24 cm.
500 _aIncluye referencias bibliográficas y notas al pie de las páginas
500 _aA la cabeza de la portada : Publicaciones del 25º Aniversario de la Era de Trujillo
590 _aInventariado, 2018/BT
650 4 _aPolítica monetaria
_zRepública Dominicana
_95998
650 4 _aDerecho bancario
_zRepública Dominicana
_97945
650 4 _aMoneda
_xLegislación
_914528
_zRepública Dominicana
650 4 _aFinanzas
_xLegislación
_zRepública Dominicana
_97835
710 2 _aBanco Central de la República Dominicana
_983405
910 _aValidado. Control de calidad. MFF
942 _2ddc
_cLBS1
999 _c4852
_d4852